[Event "TUR Cup										"]
[Site "Antalya"]
[Date "2018.02.01"]
[Round "8"]
[White "Alagoz, Mahmut"]
[Black "Kutlu, Turgut Can"]
[Result "0-1"]
[WhiteElo "1734"]
[BlackElo "1506"]
[PlyCount "88"]
[EventDate "2018.01.27"]
[EventType "swiss"]
[EventRounds "11"]
[EventCountry "TUR"]
[SourceTitle "CBM 182 Extra"]
[Source "ChessBase"]
[SourceDate "2018.02.23"]
[SourceVersion "1"]
[SourceVersionDate "2018.02.23"]
[SourceQuality "1"]

1. d4 Nf6 2. Nf3 g6 3. c4 Bg7 4. Nc3 0-0 5. e4 d6 6. Be2 e5 7. dxe5 dxe5 8. Qxd8 Rxd8 9. Bg5 Re8 10. 0-0 h6 11. Bxf6 Bxf6 12. Nd5 Bd8 13. Rad1 c6 14. Ne3 Bc7 15. a3 Be6 16. Rc1 Nd7 17. c5 Nf6 18. Bd3 Rad8 19. Ne1 Rd7 20. f3 Red8 21. Bc4 b5 22. Bxe6 fxe6 23. g3 Rd2 24. Rc2 R2d4 25. b4 a5 26. Rb2 axb4 27. axb4 Ra8 28. N1c2 Rd2 29. Rf2 Rd3 30. Kf1 h5 31. Ke2 Rad8 32. Nd5 Nxd5 33. Kxd3 Nxb4+ 34. Ke2 Nd3 35. Ra2 Nc1+ 36. Kf1 Nxa2 37. Ne3 Nc3 38. Rc2 Nd1 39. Ng2 b4 40. Ke2 Nc3+ 41. Kf2 Bb8 42. g4 hxg4 43. fxg4 Nxe4+ 44. Ke3 Nc3 0-1

[Event "TUR Cup										"]
[Site "Antalya"]
[Date "2018.01.31"]
[Round "7"]
[White "Ozsakallioglu, Okan"]
[Black "Alagoz, Mahmut"]
[Result "1-0"]
[WhiteElo "1962"]
[BlackElo "1734"]
[PlyCount "55"]
[EventDate "2018.01.27"]
[EventType "swiss"]
[EventRounds "11"]
[EventCountry "TUR"]
[SourceTitle "CBM 182 Extra"]
[Source "ChessBase"]
[SourceDate "2018.02.23"]
[SourceVersion "1"]
[SourceVersionDate "2018.02.23"]
[SourceQuality "1"]

1. Nf3 d5 2. d4 Nf6 3. g3 Bf5 4. Bg2 e6 5. c4 c6 6. 0-0 Nbd7 7. Nc3 Bb4 8. Qb3 Bxc3 9. bxc3 Qb6 10. Qa3 h6 11. Bf4 a5 12. Ne5 g5 13. Nxd7 Nxd7 14. Bd6 f6 15. f3 Ne5 16. c5 Nc4 17. cxb6 Nxa3 18. Bxa3 h5 19. e4 Bg6 20. exd5 cxd5 21. f4 g4 22. Rfe1 Kd7 23. c4 dxc4 24. d5 Bf5 25. dxe6+ Ke8 26. Bxb7 Rb8 27. Bc6+ Kd8 28. e7+ 1-0

[Event "TUR Cup										"]
[Site "Antalya"]
[Date "2018.01.30"]
[Round "5"]
[White "Alagoz, Mahmut"]
[Black "Kaya, Mehmet Roni"]
[Result "1/2-1/2"]
[WhiteElo "1734"]
[BlackElo "1571"]
[PlyCount "112"]
[EventDate "2018.01.27"]
[EventType "swiss"]
[EventRounds "11"]
[EventCountry "TUR"]
[SourceTitle "CBM 182 Extra"]
[Source "ChessBase"]
[SourceDate "2018.02.23"]
[SourceVersion "1"]
[SourceVersionDate "2018.02.23"]
[SourceQuality "1"]

1. d4 Nf6 2. c4 g6 3. Nf3 c6 4. Nc3 d5 5. a4 Bg7 6. Bf4 0-0 7. e3 Nbd7 8. cxd5 cxd5 9. Bd3 a6 10. h3 Re8 11. 0-0 b6 12. Rc1 Bb7 13. Ne5 Nh5 14. g4 Nxf4 15. exf4 e6 16. g5 f5 17. Nf3 Rc8 18. Re1 Qe7 19. Qb3 Qd6 20. Ne2 Rxc1 21. Rxc1 Rc8 22. Rxc8+ Bxc8 23. Qc3 Bb7 24. Kg2 Bf8 25. h4 Qb8 26. Ne5 Nxe5 27. fxe5 Qc8 28. Kf3 Kf7 29. Ke3 Be7 30. Qxc8 Bxc8 31. Kf4 Bb4 32. Nc3 Ke7 33. Kg3 Bb7 34. h5 Kf7 35. h6 Ke7 36. Be2 Kf7 37. f4 Ke7 38. Kf2 Kd7 39. Bh5 Bf8 40. Be2 Kc7 41. Ke3 Kb8 42. Kd2 Ka7 43. Na2 Bc6 44. Bd1 b5 45. a5 b4 46. Nc1 Bb5 47. Nb3 Kb7 48. Ke3 Kc6 49. Nd2 Be7 50. Nf3 Bf8 51. Nh4 Kc7 52. Kd2 Be8 53. Kc1 Bb5 54. Kb1 Kb7 55. Ng2 Kc7 56. Ne3 Bc6 1/2-1/2

[Event "TUR Cup										"]
[Site "Antalya"]
[Date "2018.01.28"]
[Round "2"]
[White "Sariisik, Cagdas"]
[Black "Alagoz, Mahmut"]
[Result "1/2-1/2"]
[WhiteElo "1453"]
[BlackElo "1734"]
[PlyCount "74"]
[EventDate "2018.01.27"]
[EventType "swiss"]
[EventRounds "11"]
[EventCountry "TUR"]
[SourceTitle "CBM 182 Extra"]
[Source "ChessBase"]
[SourceDate "2018.02.23"]
[SourceVersion "1"]
[SourceVersionDate "2018.02.23"]
[SourceQuality "1"]

1. e4 c6 2. d4 d5 3. Nc3 dxe4 4. Nxe4 Bf5 5. Ng3 Bg6 6. Nf3 Nd7 7. Bd3 Bxd3 8. Qxd3 e6 9. 0-0 Bd6 10. Ne4 Be7 11. Bf4 Ngf6 12. Nd6+ Bxd6 13. Bxd6 Nf8 14. Bc5 Ng6 15. c4 b6 16. Ba3 Qc7 17. Rfe1 0-0-0 18. Qc3 Rd7 19. Ne5 Nxe5 20. dxe5 Ne8 21. Rad1 f6 22. exf6 Nxf6 23. Rxd7 Qxd7 24. b3 Re8 25. Bb2 e5 26. h3 e4 27. Qe3 Qe6 28. f3 Kd7 29. Bxf6 Qxf6 30. Qd2+ Qd6 31. Qxd6+ Kxd6 32. fxe4 Rf8 33. e5+ Ke6 34. Rd1 c5 35. Rd6+ Ke7 36. Rc6 Kd7 37. Rd6+ Ke7 1/2-1/2

[Event "TUR Cup"]
[Site "Antalya"]
[Date "2017.01.29"]
[Round "2"]
[White "Yilmaz, Hasan"]
[Black "Alagoz, Mahmut"]
[Result "1/2-1/2"]
[WhiteElo "1389"]
[BlackElo "1723"]
[PlyCount "142"]
[EventDate "2017.01.28"]
[EventType "swiss"]
[EventRounds "11"]
[EventCountry "TUR"]
[SourceTitle "CBM 176 Extra"]
[Source "ChessBase"]
[SourceDate "2017.03.02"]
[SourceVersion "1"]
[SourceVersionDate "2017.03.02"]
[SourceQuality "1"]

1. e4 e5 2. Bc4 Nf6 3. Nf3 Nxe4 4. Nc3 Nxc3 5. dxc3 c6 6. Nxe5 d5 7. Bd3 Bd6 8. Nf3 0-0 9. 0-0 Bg4 10. h3 Bh5 11. Re1 Nd7 12. Be3 Ne5 13. Be2 Qf6 14. Nxe5 Qxe5 15. Bxh5 Qh2+ 16. Kf1 Qh1+ 17. Ke2 Qxg2 18. Bg4 Rae8 19. Qd3 Bf4 20. Kd1 Bxe3 21. fxe3 f5 22. Be2 Qxh3 23. Kd2 Re5 24. Rh1 Qg2 25. Rag1 Qe4 26. Qxe4 Rxe4 27. Bd3 Re5 28. Rh5 g6 29. Rh6 a6 30. a4 Rfe8 31. Rg3 R5e7 32. a5 Rg7 33. b4 Ree7 34. Rf3 Kf7 35. c4 dxc4 36. Bxc4+ Kf6 37. Rf4 Kg5 38. Rh1 h5 39. Rd4 Rd7 40. Ke2 Rxd4 41. exd4 Rd7 42. c3 h4 43. Kf3 Kh5 44. Re1 Kg5 45. Re8 Rh7 46. Kg2 Kf4 47. d5 cxd5 48. Bxd5 g5 49. Rb8 Re7 50. Rxb7 Re2+ 51. Kf1 Rd2 52. c4 h3 53. Rh7 g4 54. Bb7 Rb2 55. c5 Rb1+ 56. Ke2 Rb2+ 57. Kf1 Rxb4 58. Ke2 Rb2+ 59. Kd3 Rb4 60. c6 g3 61. Rh4+ Kg5 62. Rxb4 g2 63. Rb1 h2 64. c7 g1Q 65. Rxg1+ hxg1Q 66. c8Q Qf1+ 67. Kd2 Qf2+ 68. Kd3 Qf3+ 69. Kc2 Qe2+ 70. Kb3 Qb5+ 71. Kc2 Qe2+ 1/2-1/2

[Event "TUR Cup"]
[Site "Antalya"]
[Date "2017.01.28"]
[Round "1"]
[White "Alagoz, Mahmut"]
[Black "Olcum, Ahmet"]
[Result "0-1"]
[WhiteElo "1723"]
[BlackElo "2190"]
[PlyCount "55"]
[EventDate "2017.01.28"]
[EventType "swiss"]
[EventRounds "11"]
[EventCountry "TUR"]
[SourceTitle "CBM 176 Extra"]
[Source "ChessBase"]
[SourceDate "2017.03.02"]
[SourceVersion "1"]
[SourceVersionDate "2017.03.02"]
[SourceQuality "1"]

1. d4 d6 2. c4 e5 3. dxe5 dxe5 4. Qxd8+ Kxd8 5. e4 Nd7 6. a3 Nc5 7. Nc3 a5 8. Be3 c6 9. Rd1+ Kc7 10. Nf3 Bg4 11. Be2 Bxf3 12. Bxf3 Nf6 13. g4 h6 14. h4 a4 15. Ke2 Nfd7 16. g5 h5 17. Bg2 Nb6 18. Bh3 Be7 19. f4 Rhd8 20. fxe5 Nxc4 21. Rxd8 Rxd8 22. Bc1 Nxe5 23. Bf4 Bd6 24. Rf1 Rf8 25. Rc1 Ncd3 26. Nb5+ Kb6 27. Nxd6 Nxf4+ 28. Kf2 0-1

[Event "Manavgat Turkey Cup"]
[Site "Manavgat"]
[Date "2015.02.04"]
[Round "7"]
[White "Alagoz, Mahmut"]
[Black "Bucak, Mehmet"]
[Result "1-0"]
[WhiteElo "1777"]
[BlackElo "1479"]
[PlyCount "81"]
[EventDate "2015.01.31"]
[EventType "swiss"]
[EventRounds "11"]
[EventCountry "TUR"]
[SourceTitle "CBM 164 Extra"]
[Source "ChessBase"]
[SourceDate "2015.03.02"]
[SourceVersion "1"]
[SourceVersionDate "2015.03.02"]
[SourceQuality "1"]

1. e4 d5 2. exd5 Qxd5 3. Nc3 Qd6 4. Bc4 Nf6 5. h3 Bf5 6. Nf3 e6 7. d3 Be7 8. Nb5 Qd8 9. Bf4 Na6 10. Nbd4 Bg6 11. Bb5+ Nd7 12. Bxa6 bxa6 13. Nc6 Qc8 14. Nxe7 Kxe7 15. 0-0 Rd8 16. Re1 Kf8 17. Nh4 Rb8 18. b3 Nb6 19. Nxg6+ hxg6 20. Qf3 Nd5 21. Bd2 Nb4 22. Bxb4+ Rxb4 23. c3 Rb5 24. c4 Rb4 25. Rad1 c5 26. Re5 f6 27. Re4 Kg8 28. Qe3 e5 29. f4 exf4 30. Qxf4 Rb7 31. d4 g5 32. Qe3 Rbd7 33. d5 Rd6 34. Re1 Kf8 35. Re7 R6d7 36. Qe6 Rxe7 37. Qxe7+ Kg8 38. Re6 Rd7 39. Qe8+ Qxe8 40. Rxe8+ Kf7 41. Rc8 1-0

[Event "Kemer Turkey Cup"]
[Site "Kemer"]
[Date "2014.02.08"]
[Round "9"]
[White "Alagoz, Mahmut"]
[Black "Dursun, Poyraz"]
[Result "1-0"]
[WhiteElo "1759"]
[BlackElo "1425"]
[PlyCount "64"]
[EventDate "2014.02.01"]
[EventType "swiss"]
[EventRounds "9"]
[EventCountry "TUR"]
[SourceTitle "EXT 2015"]
[Source "ChessBase"]
[SourceDate "2014.11.20"]
[SourceVersion "1"]
[SourceVersionDate "2014.11.20"]
[SourceQuality "1"]

1. d4 Nf6 2. Nf3 g6 3. c4 Bg7 4. Nc3 d5 5. cxd5 Nxd5 6. e4 Nxc3 7. bxc3 c5 8. Rb1 0-0 9. Be2 Qa5 10. Bd2 Qxa2 11. 0-0 Nd7 12. Qc1 Qe6 13. Ng5 Qc6 14. d5 Qc7 15. c4 b6 16. f4 h6 17. Nf3 Kh7 18. e5 f6 19. e6 Nb8 20. f5 g5 21. h4 g4 22. Bf4 Qd8 23. Nh2 h5 24. Nxg4 hxg4 25. Bxg4 Bxe6 26. fxe6 Rh8 27. Bf5+ Kg8 28. g3 Qf8 29. Bg6 Bh6 30. Bf7+ Kg7 31. Qc2 Rh7 32. d6 exd6 1-0

[Event "Kemer Turkey Cup"]
[Site "Kemer"]
[Date "2014.02.04"]
[Round "5"]
[White "Alagoz, Mahmut"]
[Black "Daghan, Devran"]
[Result "1-0"]
[WhiteElo "1759"]
[BlackElo "1582"]
[PlyCount "135"]
[EventDate "2014.02.01"]
[EventType "swiss"]
[EventRounds "9"]
[EventCountry "TUR"]
[SourceTitle "CBM 158 Extra"]
[Source "ChessBase"]
[SourceDate "2014.02.28"]
[SourceVersion "1"]
[SourceVersionDate "2014.02.28"]
[SourceQuality "1"]

1. d4 Nf6 2. c4 e6 3. Nf3 Bb4+ 4. Nc3 Ne4 5. Qc2 Bxc3+ 6. bxc3 f5 7. Bf4 d6 8. e3 Nd7 9. Bd3 Ndf6 10. 0-0 0-0 11. h3 h6 12. Ne1 Ng5 13. f3 Nf7 14. e4 e5 15. Bh2 f4 16. Rf2 Nh5 17. Bf1 Qg5 18. Kh1 Ng3+ 19. Bxg3 Qxg3 20. Nd3 g5 21. c5 Be6 22. d5 Bd7 23. Rb1 Rab8 24. Rd2 h5 25. Qd1 Kg7 26. Qe1 Nh8 27. Rdb2 Qxe1 28. Rxe1 b6 29. Reb1 Ra8 30. c6 Bc8 31. Nf2 a5 32. a4 h4 33. Kg1 Ba6 34. Bxa6 Rxa6 35. Nd3 Nf7 36. Kf2 Kf6 37. Ke2 Ke7 38. Rb3 Ra7 39. Nb2 Rb8 40. Nc4 Kd8 41. Rb5 Kc8 42. Nb2 Ra6 43. Nd3 Ra7 44. c4 Rba8 45. Nf2 Nh6 46. Kd2 Ra6 47. Kc3 R6a7 48. Nd3 Nf7 49. Ne1 Nh6 50. Nc2 Nf7 51. Na3 Rb8 52. c5 dxc5 53. Nc4 Ra6 54. Rd1 Nd6 55. Nxe5 Nxb5+ 56. axb5 Ra7 57. Nf7 a4 58. e5 a3 59. e6 a2 60. e7 Ra3+ 61. Kb2 Re3 62. d6 a1Q+ 63. Rxa1 cxd6 64. Nxd6+ Kc7 65. Ne4 Re8 66. Ra7+ Kb8 67. Rb7+ Ka8 68. Rd7 1-0

[Event "TUR-ch"]
[Site "Antalya"]
[Date "2013.02.07"]
[Round "8"]
[White "Oney, Riza"]
[Black "Alagoz, Mahmut"]
[Result "1-0"]
[WhiteElo "1879"]
[BlackElo "1744"]
[PlyCount "63"]
[EventDate "2013.02.02"]
[EventType "swiss"]
[EventRounds "11"]
[EventCountry "TUR"]
[SourceTitle "CBM 152 Extra"]
[Source "ChessBase"]
[SourceDate "2013.02.25"]
[SourceVersion "1"]
[SourceVersionDate "2013.02.25"]
[SourceQuality "1"]

1. d4 d5 2. Nf3 Nf6 3. e3 Bg4 4. Be2 e6 5. 0-0 c5 6. h3 Bf5 7. c4 cxd4 8. exd4 Bd6 9. c5 Be7 10. Qa4+ Nbd7 11. Bf4 0-0 12. Nc3 a6 13. b4 Ne4 14. Rac1 Ndf6 15. Rfd1 Nxc3 16. Rxc3 Ne4 17. Rcc1 g5 18. Bh2 g4 19. hxg4 Bxg4 20. Kf1 Bh4 21. Bg1 Kh8 22. c6 b5 23. Qa3 Be7 24. Bh2 Qb6 25. Ne5 Bxe2+ 26. Kxe2 Qa7 27. c7 Qb7 28. Qh3 a5 29. Bf4 axb4 30. Rh1 Rxa2+ 31. Ke1 Nf6 32. Bg5 1-0

[Event "TUR-ch"]
[Site "Antalya"]
[Date "2013.02.02"]
[Round "1"]
[White "Alagoz, Mahmut"]
[Black "Haznedaroglu, Kivanc"]
[Result "0-1"]
[WhiteElo "1744"]
[BlackElo "2439"]
[PlyCount "76"]
[EventDate "2013.02.02"]
[EventType "swiss"]
[EventRounds "11"]
[EventCountry "TUR"]
[SourceTitle "CBM 152 Extra"]
[Source "ChessBase"]
[SourceDate "2013.02.25"]
[SourceVersion "1"]
[SourceVersionDate "2013.02.25"]
[SourceQuality "1"]

1. d4 Nf6 2. c4 e6 3. Nc3 Bb4 4. Bg5 h6 5. Bxf6 Qxf6 6. Nf3 c5 7. e3 Nc6 8. a3 Bxc3+ 9. bxc3 0-0 10. Bd3 d6 11. 0-0 Rd8 12. Bc2 b6 13. Qd3 g6 14. Nd2 Ba6 15. Ba4 Rac8 16. Bb5 Bb7 17. f4 Ne7 18. e4 Qg7 19. Ba4 Ba6 20. Bb5 Bxb5 21. cxb5 cxd4 22. cxd4 d5 23. e5 Rc7 24. Rac1 Rdc8 25. Rxc7 Rxc7 26. g4 Qf8 27. h4 Qc8 28. Rf3 Rc1+ 29. Nf1 Qc4 30. Kf2 Qa2+ 31. Nd2 Rd1 32. Ke2 Rh1 33. Rh3 Rg1 34. Rg3 Qa1 35. Rxg1 Qxg1 36. Kf3 h5 37. gxh5 Nf5 38. hxg6 Nxd4+ 0-1